00704nam a2200241 a 4500001001300000003000900013005001700022008004100039020002200080082001500102100002500117245002900142260003700171300001000208500003500218505001400253650002400267700002500291902000800316942000700324952011400331999001700445nice12345678IN_TiNIC20260116014149.0140525s2010 enga grp 000 0 eng  a9788171099979c6000a281.5bPAN aPanjikaran, Joseph C aSyrian Church in Malabar aEngland bSt. Pauls Pubs. c2010 a111p  aincludes index and biblioraphy2 afootnotes aSyrian Church-India1 aPanjikaran, Joseph C bSRS cBK 001040708StackRoom-aHMIbHMId2014-05-25g60.00l0o281.5 PANp024525r2014-05-25v60.00w2014-05-25yBK c14144d14144